000
00173 a2200097 4500
020
_a
0153585579
041
_a
spa
100
_a
Harcourt
245
_a
Las plantas
942
_c
BK
999
_c
4248
_d
4248